What City Were They Born In? - Statistics

General Stats
  • This quiz has been taken 14 times
  • The average score is 5 of 15
Answer Stats
Public Figure City Modern Day Country % Correct
Jesus Christ Bethlehem Israel
85%
Christopher Columbus Genoa Italy
85%
Muhammad Mecca Saudi Arabia
85%
Julius Caesar Rome Italy
85%
Napoleon Ajaccio France
77%
Martin Luther King Jr. Atlanta United States
62%
Alecander the Great Pella Greece
15%
Martin Luther Eisleben Germany
8%
Margaret Thatcher Grantham United Kingdom
8%
Karl Marx Trier Germany
8%
Joseph Stalin Gori Georgia
0%
Abraham Lincoln Hodgenville United States
0%
Nelson Mandela Mvezo South Africa
0%
Muhatma Ganhi Porbandar India
0%
Charles Darwin Shrewbury United Kingdom
0%
No matching quizzes found
Score Distribution
Percent of People with Each Score
Percentile by Number Answered
Your Score History
You have not taken this quiz